000 00425nam a22001577a 4500
999 _c3780
_d3780
008 200630b ||||| |||| 00| 0 eng d
041 0 _aeng
082 0 0 _a570.1
_bH158
100 _93113
_aHaldane, J. B. S.
245 1 0 _aThe unity and diversity of life /
_cby J.B.S. Haldane
260 _aDelhi :
_bMinistry of information & broadcasting,
_c1958.
300 _a81p.
365 _d1.00
650 0 _aBiodiversity
942 _cBK